Geography : its history, thought and teaching
Αποθηκεύτηκε σε:
| Κύριος συγγραφέας: | |
|---|---|
| Μορφή: | Βιβλίο |
| Γλώσσα: | English |
| Δημοσίευση: |
Enugu, Nigeria :
Fourth Dimension Publishing ,
c1994
|
| Θέματα: | |
| Ετικέτες: |
Προσθήκη ετικέτας
Δεν υπάρχουν, Καταχωρήστε ετικέτα πρώτοι!
|
MARC
| LEADER | 00000nam a2200000 i 4500 | ||
|---|---|---|---|
| 001 | 1/25382 | ||
| 008 | 981208s1994 eng d | ||
| 020 | |a 978-156-390-7 | ||
| 035 | |l 10037321 | ||
| 040 | |a GR-MY-UA |b gre |e aacr | ||
| 041 | 0 | |a eng | |
| 082 | 0 | |a 910 | |
| 100 | 1 | |a Osakwe, Emman. | |
| 245 | 1 | 0 | |a Geography : |b its history, thought and teaching / |c Emman Osakwe |
| 260 | |a Enugu, Nigeria : |b Fourth Dimension Publishing , |c c1994 | ||
| 300 | |a viii, 92 p.; |b ill.; |c 21 cm. | ||
| 504 | |a Includes bibliographical references (p. 86-92) | ||
| 650 | 0 | 0 | |a Geography. |
| 650 | 0 | 0 | |a Geography |x Study and teaching. |
| 852 | |a INST |b LESVOS |e 19981208 |h 910 OSA |p 005100018459 |q 005100018459 |t BK |y 0 | ||
| 901 | |a BIBL-1999-1 | ||
| 909 | |a Λ |b 060252 | ||
| 922 | |a 1ΕΛΗ |b 199810 |c ΚΠΣ/ΤΓ |d ΠΑΠΑΣΩΤΗΡΙΟΥ | ||
| 950 | |a 118-1998-07-21 | ||
| 970 | |z 2000/05/ΜΠΡΑΤΤΗΣ | ||